| 000 | 01248nam a22002417a 4500 | ||
|---|---|---|---|
| 999 |
_c62476 _d62476 |
||
| 003 | Ge_BSU | ||
| 005 | 20241115142029.0 | ||
| 008 | 241115s1968 ge ||||| |||| 00| 0 geo d | ||
| 041 | _ageo | ||
| 080 | _a159.97: 616.89-008.435:741 ვ-26 | ||
| 100 |
_aვაჩნაძე, ერასტი. _923703 |
||
| 245 |
_aსულით დაავადებულთა მხატვრობის ზოგიერთი თავისებურება = Некоторые особенности рисунка душевнобольных / _cერასტი ვაჩნაძე; რედ. მ. საყვარელიძე. |
||
| 264 |
_aთბილისი : _bმეცნიერება, _c1968. |
||
| 300 |
_a93 გვ. : _b27 ფ. ილ. ; _c 21 სმ. |
||
| 504 | _aბიბლიოგრაფია: გვ. 90-92 | ||
| 520 | _aრეზუმე რუსულ ენაზე | ||
| 653 | _aსულით დაავადებულთა მხატვრობა. | ||
| 653 | _aფსიქოლოგია | ||
| 653 | _aმედიცინა | ||
| 653 | _aხატვა | ||
| 700 |
_aსაყვარელიძე, მ _eრედაქტორი _93659 |
||
| 942 |
_2udc _cBK |
||